[Event "Warsaw Szansa rapid op"]
[Site "Warsaw"]
[Date "2023.09.17"]
[Round "4"]
[White "Sieciechowicz, Marcin"]
[Black "Malicka, Maria"]
[Result "1/2-1/2"]
[WhiteElo "2398"]
[BlackElo "2218"]
[PlyCount "140"]
[EventDate "2023.09.17"]
[EventType "swiss (rapid)"]
[EventRounds "9"]
[EventCountry "POL"]
[SourceTitle "EXT 2024"]
[Source "ChessBase"]
[SourceDate "2023.10.10"]
[SourceVersion "1"]
[SourceVersionDate "2023.10.10"]
[SourceQuality "1"]

1. d4 Nf6 2. c4 g6 3. Nc3 d5 4. e3 Bg7 5. cxd5 Nxd5 6. Nxd5 Qxd5 7. Ne2 0-0 8. Nc3 Qa5 9. Be2 c5 10. d5 b5 11. d6 Bb7 12. 0-0 exd6 13. Nxb5 Rd8 14. Bd2 Qb6 15. Bc3 Na6 16. Bxg7 Kxg7 17. Qd2 Qc6 18. e4 Qxe4 19. Bf3 Qe7 20. Rfe1 Qd7 21. Bxb7 Qxb7 22. Nxd6 Qb4 23. Qd3 Qd4 24. Qxa6 Rxd6 25. Qe2 Rad8 26. h3 Re6 27. Qc2 Qd2 28. Qxd2 Rxd2 29. Rxe6 fxe6 30. b3 Kf6 31. Rc1 Rxa2 32. Rxc5 Rb2 33. Rb5 h5 34. g4 hxg4 35. hxg4 e5 36. Kg2 Ke6 37. Kf3 Kf6 38. Ke3 Kg5 39. f3 Kf6 40. Rb7 Ke6 41. Ke4 Re2+ 42. Kd3 Rf2 43. Ke3 Rb2 44. Rb8 Kf6 45. Ke4 Re2+ 46. Kd3 Rf2 47. Ke3 Rb2 48. Rb5 Ke6 49. b4 Kf6 50. Rb7 Ke6 51. b5 Rb3+ 52. Ke4 Rb4+ 53. Kd3 Rb1 54. Kc4 Rc1+ 55. Kb3 Rb1+ 56. Kc2 Rb4 57. Kc3 Rb1 58. Kd3 Kd5 59. Rxa7 Rxb5 60. Ra6 Rb3+ 61. Ke2 Rb2+ 62. Ke3 Rb3+ 63. Kf2 e4 64. Ra5+ Ke6 65. fxe4 Kf6 66. Rd5 Ra3 67. g5+ Ke6 68. Ke2 Rb3 69. Rd3 Rb5 70. Kf3 Ke5 1/2-1/2

[Event "Katowice POL-HUN 10th"]
[Site "Katowice"]
[Date "2023.09.09"]
[Round "5"]
[White "Zieba, Hubert"]
[Black "Malicka, Maria"]
[Result "1/2-1/2"]
[WhiteElo "1805"]
[BlackElo "2218"]
[PlyCount "60"]
[EventDate "2023.09.09"]
[EventType "swiss (rapid)"]
[EventRounds "9"]
[EventCountry "POL"]
[SourceTitle "EXT 2024"]
[Source "ChessBase"]
[SourceDate "2023.10.10"]
[SourceVersion "1"]
[SourceVersionDate "2023.10.10"]
[SourceQuality "1"]

1. Nf3 Nf6 2. g3 b5 3. a4 b4 4. d4 Bb7 5. Bg2 e6 6. 0-0 Be7 7. c4 0-0 8. b3 d5 9. Nbd2 c5 10. Bb2 Nc6 11. Qc2 dxc4 12. Nxc4 Nxd4 13. Nxd4 Bxg2 14. Nxe6 Be4 15. Qxe4 Nxe4 16. Nxd8 Rfxd8 17. Rfd1 Nc3 18. Bxc3 bxc3 19. Ne3 Bf6 20. Rac1 Bd4 21. Nf5 Kf8 22. Nxd4 cxd4 23. Rd3 Rab8 24. e3 Rxb3 25. exd4 Rc8 26. Re3 Rb4 27. Rexc3 Rxc3 28. Rxc3 Rxa4 29. Rc7 a5 30. Ra7 Rxd4 1/2-1/2

[Event "Warsaw Maciei Memorial"]
[Site "Warsaw"]
[Date "2023.07.10"]
[Round "7"]
[White "Malicka, Maria"]
[Black "Jakubowska, Anna"]
[Result "1-0"]
[WhiteElo "2217"]
[BlackElo "2139"]
[PlyCount "33"]
[EventDate "2023.07.10"]
[EventType "swiss (blitz)"]
[EventRounds "11"]
[EventCountry "POL"]
[SourceTitle "CBM 215 Extra"]
[Source "ChessBase"]
[SourceDate "2023.09.30"]
[SourceVersion "1"]
[SourceVersionDate "2023.09.30"]
[SourceQuality "1"]

1. e4 Nf6 2. e5 Nd5 3. d4 d6 4. Nf3 dxe5 5. Nxe5 c6 6. Bd3 Nd7 7. 0-0 Nxe5 8. dxe5 g6 9. Nc3 Nxc3 10. bxc3 Be6 11. Be3 Bg7 12. f4 g5 13. f5 Bd7 14. e6 fxe6 15. Qh5+ Kf8 16. fxe6+ Bf6 17. Qf7# 1-0

[Event "Warsaw Maciei Memorial"]
[Site "Warsaw"]
[Date "2023.07.10"]
[Round "1"]
[White "Malicka, Maria"]
[Black "Kaszuba, Michal"]
[Result "1/2-1/2"]
[WhiteElo "2217"]
[BlackElo "1506"]
[PlyCount "68"]
[EventDate "2023.07.10"]
[EventType "swiss (blitz)"]
[EventRounds "11"]
[EventCountry "POL"]
[SourceTitle "CBM 215 Extra"]
[Source "ChessBase"]
[SourceDate "2023.09.30"]
[SourceVersion "1"]
[SourceVersionDate "2023.09.30"]
[SourceQuality "1"]

1. e4 c5 2. Nf3 g6 3. d4 cxd4 4. Nxd4 Nc6 5. c4 Nf6 6. Nc3 Nxd4 7. Qxd4 d6 8. Bg5 Bg7 9. Be2 0-0 10. Qe3 Be6 11. 0-0 Qd7 12. Rad1 Qc6 13. b3 Rfe8 14. f4 Ng4 15. Bxg4 Bxg4 16. Rde1 h6 17. Bh4 Qb6 18. Nd5 Qxe3+ 19. Nxe3 Bd4 20. Bf2 Bxe3 21. Bxe3 Bd7 22. f5 Kg7 23. Bd4+ f6 24. Rd1 Bc6 25. Rfe1 g5 26. c5 a6 27. Kf2 Rac8 28. Rc1 dxc5 29. Rxc5 Bb5 30. Rec1 Rxc5 31. Rxc5 Kf7 32. e5 Bc6 33. g3 Rd8 34. Ke3 Rd5 1/2-1/2

[Event "Malopolska-ch"]
[Site "Krakow"]
[Date "2023.06.11"]
[Round "7"]
[White "Malicka, Maria"]
[Black "Karut, Kacper"]
[Result "1/2-1/2"]
[WhiteElo "2255"]
[BlackElo "1954"]
[PlyCount "38"]
[EventDate "2023.06.08"]
[EventType "swiss"]
[EventRounds "7"]
[EventCountry "POL"]
[SourceTitle "CBM 214 Extra"]
[Source "ChessBase"]
[SourceDate "2023.07.31"]
[SourceVersion "1"]
[SourceVersionDate "2023.07.31"]
[SourceQuality "1"]

1. e4 c5 2. Nf3 Nc6 3. d4 cxd4 4. Nxd4 Nf6 5. Nc3 d6 6. Bg5 Bd7 7. Qd2 Rc8 8. f4 Nxd4 9. Qxd4 Qa5 10. e5 dxe5 11. fxe5 e6 12. 0-0-0 Bc5 13. Qd3 Nd5 14. Nxd5 exd5 15. Qxd5 Bc6 16. Qc4 0-0 17. Kb1 Bb6 18. Qf4 Bc7 19. Bd3 Bxe5 1/2-1/2

[Event "Titled Tuesday intern op 09th May Late"]
[Site "Chess.com INT"]
[Date "2023.05.09"]
[Round "8"]
[White "Loiacono, Leonardo"]
[Black "Malicka, Maria"]
[Result "1-0"]
[WhiteElo "2301"]
[BlackElo "2255"]
[PlyCount "93"]
[EventDate "2023.05.09"]
[EventType "swiss (blitz)"]
[EventRounds "11"]
[EventCountry "USA"]
[SourceTitle "CBM 214 Extra"]
[Source "ChessBase"]
[SourceDate "2023.07.31"]
[SourceVersion "1"]
[SourceVersionDate "2023.07.31"]
[SourceQuality "1"]

1. d4 Nf6 2. c4 g6 3. Nc3 Bg7 4. e4 d6 5. Be2 0-0 6. Be3 c5 7. d5 e6 8. Nf3 exd5 9. cxd5 Re8 10. Nd2 a6 11. a4 Nbd7 12. 0-0 Ne5 13. h3 b6 14. Qc2 Qc7 15. f4 Ned7 16. Rfe1 Rb8 17. Bc4 Qb7 18. Qd3 b5 19. axb5 axb5 20. Bxb5 Nh5 21. Rab1 Qa7 22. Nc4 Bf8 23. b4 Qc7 24. Bxd7 Bxd7 25. bxc5 dxc5 26. e5 Bf5 27. Ne4 Ng3 28. Nf6+ Kh8 29. Nxe8 Rxe8 30. Qc3 Bxb1 31. Bf2 Ne4 32. Qf3 Qb7 33. d6 Rb8 34. Bh4 Qd5 35. Ne3 Qd4 36. Rd1 Bd3 37. Kh2 c4 38. Nxc4 Qxc4 39. Qxd3 Qxd3 40. Rxd3 Nc5 41. Rc3 Ne6 42. d7 Rb7 43. d8Q Nxd8 44. Bxd8 Kg8 45. Bf6 Rd7 46. Rc8 Rd3 47. Be7 1-0

[Event "Titled Tuesday intern op 09th May Late"]
[Site "Chess.com INT"]
[Date "2023.05.09"]
[Round "6"]
[White "Malicka, Maria"]
[Black "Naroditsky, Daniel"]
[Result "0-1"]
[WhiteElo "2255"]
[BlackElo "2618"]
[PlyCount "70"]
[EventDate "2023.05.09"]
[EventType "swiss (blitz)"]
[EventRounds "11"]
[EventCountry "USA"]
[SourceTitle "CBM 214 Extra"]
[Source "ChessBase"]
[SourceDate "2023.07.31"]
[SourceVersion "1"]
[SourceVersionDate "2023.07.31"]
[SourceQuality "1"]

1. e4 c5 2. Nf3 d6 3. d4 cxd4 4. Nxd4 Nf6 5. Nc3 a6 6. h4 Nc6 7. Nxc6 bxc6 8. e5 dxe5 9. Qxd8+ Kxd8 10. Bc4 e6 11. Be3 Nd5 12. 0-0-0 Kc7 13. Bd2 f6 14. Ne4 a5 15. Rhe1 Be7 16. g3 a4 17. a3 Rd8 18. Kb1 h6 19. Ka2 f5 20. Nc3 Bf6 21. Bf1 e4 22. Nxd5+ exd5 23. Bf4+ Kb6 24. Rb1 Be6 25. Ka1 g5 26. hxg5 hxg5 27. Bd2 c5 28. f3 g4 29. fxe4 dxe4 30. Bf4 Kc6 31. c3 Bb3 32. Be2 Rh8 33. Rf1 Rh2 34. Bd1 Bxc3 35. Bxb3 axb3 0-1

[Event "Krakow op-A 33rd"]
[Site "Krakow"]
[Date "2022.12.30"]
[Round "4"]
[White "Cieslak, Patryk"]
[Black "Malicka, Maria"]
[Result "1-0"]
[WhiteElo "2094"]
[BlackElo "2275"]
[PlyCount "93"]
[EventDate "2022.12.27"]
[EventType "swiss"]
[EventRounds "9"]
[EventCountry "POL"]
[SourceTitle "CBM 212 Extra"]
[Source "ChessBase"]
[SourceDate "2023.03.31"]
[SourceVersion "1"]
[SourceVersionDate "2023.03.31"]
[SourceQuality "1"]

1. e4 c5 2. Nf3 d6 3. d4 cxd4 4. Nxd4 Nf6 5. Nc3 a6 6. Be2 e5 7. Nb3 Be7 8. Be3 Be6 9. Nd5 Nbd7 10. Qd3 Bxd5 11. exd5 0-0 12. g4 e4 13. Qd4 Ne5 14. Rg1 Nf3+ 15. Bxf3 exf3 16. 0-0-0 Nd7 17. Kb1 Bg5 18. Bf4 Bxf4 19. Qxf4 Qf6 20. Qxf6 Nxf6 21. Rd3 Rfe8 22. Rxf3 Re5 23. Na5 Rxd5 24. Nc4 Re8 25. Ne3 Rd4 26. Kc1 Kf8 27. Rd1 Ree4 28. h3 Rxd1+ 29. Kxd1 Rd4+ 30. Ke1 Ne4 31. Rf4 Ng5 32. Rxd4 Nf3+ 33. Ke2 Nxd4+ 34. Kd3 Ne6 35. Nf5 Nf4+ 36. Ke3 Nxh3 37. Nxd6 b5 38. Ne4 Ke7 39. Nc5 a5 40. Nb3 Kd6 41. Nxa5 Kd5 42. Nb3 g6 43. Nd4 b4 44. f4 g5 45. Ne2 f5 46. gxf5 g4 47. a4 1-0

[Event "Charlotte CCCSA Fall IM-D"]
[Site "Charlotte"]
[Date "2022.11.21"]
[Round "8"]
[White "Lee, Alice"]
[Black "Malicka, Maria"]
[Result "1/2-1/2"]
[WhiteElo "2284"]
[BlackElo "2275"]
[PlyCount "51"]
[EventDate "2022.11.18"]
[EventType "tourn"]
[EventRounds "9"]
[EventCountry "USA"]
[SourceTitle "CBM 211 Extra"]
[Source "ChessBase"]
[SourceDate "2023.01.31"]
[SourceVersion "1"]
[SourceVersionDate "2023.01.31"]
[SourceQuality "1"]

1. d4 Nf6 2. c4 e6 3. Nc3 Bb4 4. e3 c5 5. a3 Bxc3+ 6. bxc3 d6 7. Bd3 Nc6 8. Ne2 0-0 9. 0-0 e5 10. e4 Re8 11. f3 Qc7 12. Be3 b6 13. d5 Na5 14. Ng3 Ba6 15. Qe2 Nd7 16. h4 Nf8 17. h5 h6 18. Nf5 Bc8 19. Nh4 Qe7 20. g3 Nh7 21. Ng2 Nf6 22. g4 Nh7 23. Kh2 Ng5 24. Kg3 Qd7 25. Bxg5 hxg5 26. a4 1/2-1/2

[Event "Wch U20 Girls 38th"]
[Site "Cala Gonone"]
[Date "2022.10.22"]
[Round "11"]
[White "Malicka, Maria"]
[Black "Rudzinska, Michalina"]
[Result "0-1"]
[WhiteElo "2327"]
[BlackElo "2259"]
[PlyCount "98"]
[EventDate "2022.10.12"]
[EventType "swiss"]
[EventRounds "11"]
[EventCountry "ITA"]
[SourceTitle "CBM 210 Extra"]
[Source "ChessBase"]
[SourceDate "2022.11.30"]
[SourceVersion "1"]
[SourceVersionDate "2022.11.30"]
[SourceQuality "1"]

1. e4 c6 2. d4 d5 3. Nc3 dxe4 4. Nxe4 Nf6 5. Nxf6+ exf6 6. Be3 Bd6 7. Bd3 0-0 8. Ne2 Re8 9. 0-0 Nd7 10. Ng3 Nf8 11. c4 g6 12. Ne4 Bc7 13. Re1 Bf5 14. Nc5 Bxd3 15. Qxd3 b6 16. Na6 Bd6 17. Rad1 Qc8 18. c5 bxc5 19. dxc5 Be5 20. f4 Bxb2 21. Rb1 Bc3 22. Qxc3 Qxa6 23. Qxf6 Re6 24. Qc3 Rae8 25. a3 Re4 26. Rb4 Qa5 27. Bf2 Rxe1+ 28. Bxe1 Qd8 29. Rb1 Ne6 30. Qc4 Qf6 31. Bd2 Qf5 32. Rc1 Rd8 33. Qc2 Rd3 34. Qb2 Qd5 35. Bc3 Qxc5+ 36. Kh1 Qd6 37. h3 Qxf4 38. Be5 Qe4 39. Qb8+ Rd8 40. Qb2 c5 41. Bf6 Rc8 42. Rd1 Nf4 43. Qd2 Re8 44. Bb2 Nxg2 45. Qd5 Qxd5 46. Rxd5 Nf4 47. Rxc5 Re1+ 48. Kh2 Re2+ 49. Kg3 Nh5+ 0-1